000 00669cam a2200217ua 4500
001 1431
005 20260515113331.0
008 110716n ii |||gr||||Z||||||eng
020 _a81-7304-540-2
040 _cMAIN
082 _a354.2794
100 _aEd. by Landy, Frederic,
_eAuthor.
245 1 _aGlobalization and local development in india :
_bexamining the spatial dimension /
_ced. by Frederic Landy
250 _a1st.
260 _aNew Delhi:
_bManohar Publishers,
_c2004.
300 _a248p:
_bill;
_c23cm.
653 _aEconomics
653 _aGlobalization and local development in india
700 _aed. by Chaudhuri, Basudev,
_eauthor.
942 _cBK
999 _c1322
_d1322